| 000 | 00603nam a22001937a 4500 | ||
|---|---|---|---|
| 003 | OSt | ||
| 005 | 20260306051716.0 | ||
| 008 | 260306b |||||||| |||| 00| 0 eng d | ||
| 020 | _a978-971-9655-47-3 | ||
| 040 |
_aDWCL-Main lib _cOC |
||
| 082 | _aFil. 658.421 Y36e 2024 | ||
| 100 | _aYbanez, Frederick | ||
| 245 |
_aEntrepreneurial management _cFrederick Ybanez |
||
| 260 |
_aManila, Philippines: _bMindshapers, _cc2024. |
||
| 300 |
_ax, 148 pages: _billustrations; _c22 cm. |
||
| 504 | _aIncludes bibliographical references. | ||
| 650 | _a1. Entrepreneurial mind. | ||
| 942 |
_2ddc _cBK - FIL _kFil. _n0 |
||
| 999 |
_c8693 _d8693 |
||